[Event "Montreal Mercredi 05"]
[Site "Montreal"]
[Date "2008.06.04"]
[Round "4"]
[White "Gauthier, Luc"]
[Black "Antoine, Vladimir"]
[Result "1/2-1/2"]
[WhiteElo "1724"]
[BlackElo "1636"]
[PlyCount "75"]
[EventDate "2008.05.14"]
[EventType "tourn"]
[EventRounds "5"]
[EventCountry "CAN"]
[SourceTitle "EXT 2011"]
[Source "ChessBase"]
[SourceDate "2010.11.26"]
[SourceVersion "1"]
[SourceVersionDate "2010.11.26"]
[SourceQuality "1"]

1. e4 e5 2. f4 Bc5 3. Nf3 d6 4. Nc3 Nc6 5. Bc4 Bg4 6. d3 Nf6 7. Na4 Qe7 8. Nxc5 dxc5 9. h3 Bxf3 10. Qxf3 0-0 11. 0-0 Nd4 12. Qf2 exf4 13. c3 Ne6 14. Bxf4 Nxf4 15. Qxf4 Nh5 16. Qf3 g6 17. Rae1 Rad8 18. e5 c6 19. Re4 Ng7 20. Qg3 Ne6 21. Rf6 b5 22. Bb3 c4 23. dxc4 Nc5 24. Rh4 Nxb3 25. Qg5 Qc5+ 26. Kh2 Rd1 27. Qh6 Qxe5+ 28. Rff4 Qg7 29. Qxg7+ Kxg7 30. axb3 Rd2 31. Rd4 Rxb2 32. cxb5 Rxb3 33. bxc6 Rxc3 34. Rd7 Rxc6 35. Rxa7 Rf6 36. Rd4 Rc8 37. Rad7 Rc2 38. Rd2 1/2-1/2

[Event "Montreal Mercredi 05"]
[Site "Montreal"]
[Date "2008.05.28"]
[Round "3"]
[White "Antoine, Vladimir"]
[Black "Savard, Alain"]
[Result "1-0"]
[WhiteElo "1636"]
[BlackElo "1754"]
[PlyCount "67"]
[EventDate "2008.05.14"]
[EventType "tourn"]
[EventRounds "5"]
[EventCountry "CAN"]
[SourceTitle "EXT 2011"]
[Source "ChessBase"]
[SourceDate "2010.11.26"]
[SourceVersion "1"]
[SourceVersionDate "2010.11.26"]
[SourceQuality "1"]

1. e4 c5 2. Nc3 Nc6 3. g3 e5 4. Bg2 g6 5. d3 Bg7 6. f4 exf4 7. Bxf4 d6 8. Qd2 Nd4 9. Nd1 Ne6 10. Be3 Ne7 11. c3 d5 12. Nf2 d4 13. Bh6 Nc6 14. Bxg7 Nxg7 15. Nf3 Be6 16. c4 Qa5 17. Qxa5 Nxa5 18. e5 Rb8 19. b4 Nc6 20. bxc5 b6 21. cxb6 Rxb6 22. 0-0 Ke7 23. Rfe1 Rb2 24. Ng5 Bd7 25. Bd5 f6 26. exf6+ Kxf6 27. Nfe4+ Ke7 28. Nc5+ Kd6 29. Nf7+ Kxc5 30. Nxh8 Nf5 31. Rab1 Rxa2 32. Nf7 a6 33. Ng5 Ne3 34. Ne4# 1-0

[Event "Montreal Mercredi 05"]
[Site "Montreal"]
[Date "2008.05.14"]
[Round "1"]
[White "Millette, Sylvain"]
[Black "Antoine, Vladimir"]
[Result "1/2-1/2"]
[WhiteElo "1630"]
[BlackElo "1636"]
[PlyCount "73"]
[EventDate "2008.05.14"]
[EventType "tourn"]
[EventRounds "5"]
[EventCountry "CAN"]
[SourceTitle "EXT 2011"]
[Source "ChessBase"]
[SourceDate "2010.11.26"]
[SourceVersion "1"]
[SourceVersionDate "2010.11.26"]
[SourceQuality "1"]

1. Nf3 d5 2. g3 Nf6 3. c4 c6 4. b3 Bg4 5. Bg2 e6 6. 0-0 Nbd7 7. Bb2 Be7 8. d3 h6 9. Nbd2 0-0 10. Ne5 Nxe5 11. Bxe5 Nd7 12. Bb2 f5 13. Qc2 Bf6 14. e4 dxe4 15. dxe4 Nc5 16. Bxf6 Rxf6 17. f3 Bh5 18. Qc3 Qb6 19. Qe3 f4 20. gxf4 Rxf4 21. b4 Nd3 22. c5 Qa6 23. a4 Rd8 24. Bh3 e5 25. Be6+ Bf7 26. Bxf7+ Kxf7 27. b5 cxb5 28. axb5 Qxb5 29. Rxa7 Qxc5 30. Rxb7+ Kg8 31. Qxc5 Nxc5 32. Rb5 Rxd2 33. Rxc5 Rh4 34. Rf2 Rxf2 35. Kxf2 Rxh2+ 36. Kg3 Rh5 37. Kg4 1/2-1/2

[Event "Montreal Mercredi 10"]
[Site "Montreal"]
[Date "2007.10.24"]
[Round "3"]
[White "Antoine, Vladimir"]
[Black "Savard, Alain"]
[Result "0-1"]
[WhiteElo "1606"]
[BlackElo "1606"]
[PlyCount "56"]
[EventDate "2007.10.10"]
[EventType "swiss"]
[EventRounds "5"]
[EventCountry "CAN"]
[SourceTitle "EXT 2022"]
[Source "ChessBase"]
[SourceDate "2021.10.06"]
[SourceVersion "1"]
[SourceVersionDate "2021.10.06"]
[SourceQuality "1"]

1. e4 e5 2. Nf3 Nc6 3. Bb5 a6 4. Ba4 Bc5 5. c3 Qe7 6. 0-0 b5 7. Bb3 Bb6 8. d4 Nf6 9. a4 Bb7 10. axb5 axb5 11. Rxa8+ Bxa8 12. Qd3 0-0 13. Nbd2 Na5 14. dxe5 Nxb3 15. exf6 Nxc1 16. fxe7 Nxd3 17. exf8Q+ Kxf8 18. Nd4 b4 19. Rb1 d5 20. exd5 Bxd5 21. Kf1 g6 22. f3 c5 23. c4 Bb7 24. Ne2 Bc7 25. h3 Be5 26. Nb3 Ba6 27. Rd1 Bxc4 28. Nec1 Nxc1+ 0-1

[Event "Montreal Mercredi 05"]
[Site "Montreal"]
[Date "2007.05.23"]
[Round "2"]
[White "Antoine, Vladimir"]
[Black "Beland, Stephane"]
[Result "0-1"]
[WhiteElo "1624"]
[BlackElo "1585"]
[PlyCount "86"]
[EventDate "2007.05.16"]
[EventType "swiss"]
[EventRounds "6"]
[EventCountry "CAN"]
[SourceTitle "EXT 2022"]
[Source "ChessBase"]
[SourceDate "2021.10.06"]
[SourceVersion "1"]
[SourceVersionDate "2021.10.06"]
[SourceQuality "1"]

1. e4 c5 2. Nc3 Nc6 3. g3 g6 4. Bg2 Bg7 5. d3 d6 6. Be3 Nf6 7. h3 0-0 8. Qd2 Rb8 9. Nge2 Bd7 10. 0-0 b5 11. a3 a5 12. f4 a4 13. d4 cxd4 14. Nxd4 Na5 15. Bf2 Nc4 16. Qe2 Qa5 17. Nd1 Nh5 18. c3 e5 19. fxe5 dxe5 20. Nc2 Be6 21. Kh2 Rbd8 22. Be3 Nxe3 23. Ndxe3 Rd6 24. Nb4 Rfd8 25. Rad1 Rxd1 26. Rxd1 Rxd1 27. Qxd1 Qb6 28. Qe2 Bh6 29. Ned5 Qc5 30. Bf1 f5 31. Kg2 f4 32. g4 Ng3 33. Qxb5 Qxb5 34. Bxb5 Nxe4 35. Bxa4 Nd2 36. Bb5 Kf7 37. a4 Bc8 38. a5 e4 39. a6 f3+ 40. Kg3 e3 41. a7 Bb7 42. Nc7 e2 43. Nd3 Be3 0-1